Mathematical Techniques (Record no. 306146)
[ view plain ]
| 000 -LEADER | |
|---|---|
| fixed length control field | 00412nam a2200157Ia 4500 |
| 008 - FIXED-LENGTH DATA ELEMENTS--GENERAL INFORMATION | |
| fixed length control field | 230718s9999 xx 000 0 und d |
| 041 ## - LANGUAGE CODE | |
| Language code of text/sound track or separate title | eng |
| 082 ## - DEWEY DECIMAL CLASSIFICATION NUMBER | |
| Classification number | 325 |
| Item number | SMI |
| 100 ## - MAIN ENTRY--PERSONAL NAME | |
| Personal name | Smith P |
| 9 (RLIN) | 112945 |
| 245 ## - TITLE STATEMENT | |
| Title | Mathematical Techniques |
| 260 ## - PUBLICATION, DISTRIBUTION, ETC. (IMPRINT) | |
| Date of publication, distribution, etc. | 2002 |
| Name of publisher, distributor, etc. | Technical Publications |
| 300 ## - PHYSICAL DESCRIPTION | |
| Extent | 860 |
| 365 ## - TRADE PRICE | |
| Currency code | Rs. |
| Price amount | 1145.00 |
| 700 ## - ADDED ENTRY--PERSONAL NAME | |
| Personal name | Smith P & Jordon D W |
| 9 (RLIN) | 188159 |
| 906 ## - LOCAL DATA ELEMENT F, LDF (RLIN) | |
| d | B:1827928-Sep-2003 |
| c | ETC |
| b | 229 |
| Withdrawn status | Lost status | Source of classification or shelving scheme | Reference No | Damaged status | Not for loan | Home library | Current library | Date acquired | Vendor | Budget Code | Cost, normal purchase price | Bill number | Full call number | Barcode | Date last seen | Discount | Cost, replacement price | Bill Date | Koha item type | Original Barcode |
|---|---|---|---|---|---|---|---|---|---|---|---|---|---|---|---|---|---|---|---|---|
| Dewey Decimal Classification | Ref 715 E (17353) | Reference | Cummins College of Engineering for Women Pune | Cummins College of Engineering for Women Pune | 13/10/2003 | Pradeep Book Distributors | ETC | 916.00 | 18279 | 325 | CCEP-BK-17353 | 18/07/2023 | 229 | 1145.00 | 28/09/2003 | Books | 017353 |